Commentary on information technology act : (Record no. 101745)
[ view plain ]
| 000 -LEADER | |
|---|---|
| fixed length control field | 00735nam a22002057a 4500 |
| 005 - DATE AND TIME OF LATEST TRANSACTION | |
| control field | 20181205144350.0 |
| 010 ## - LCCN (DPL NO) | |
| LC control number | ENG-115622 |
| 020 ## - INTERNATIONAL STANDARD BOOK NUMBER | |
| International Standard Book Number | 9789351437116 |
| Terms of availability | 1895.00 |
| 035 ## - SYSTEM CONTROL NUMBER | |
| System control number | EN-99154 |
| 037 ## - SOURCE OF ACQUISITION | |
| Source of stock number/acquisition | DBAD/PUB |
| 082 ## - DEWEY DECIMAL CLASSIFICATION NUMBER | |
| Classification number | 353.5409944 |
| 100 ## - MAIN ENTRY--PERSONAL NAME | |
| Personal name | Gupta,Apar |
| 245 ## - TITLE STATEMENT | |
| Title | Commentary on information technology act : |
| Statement of responsibility, etc | by Apar Gupta ; revised by Akshay Sapre |
| Remainder of title | along with rules, regulations, orders guidelines, reports and policy documents / |
| 250 ## - EDITION STATEMENT | |
| Edition statement | 3rd ed |
| 260 ## - PUBLICATION, DISTRIBUTION, ETC. (IMPRINT) | |
| Place of publication, distribution, etc | Gurgaon |
| Name of publisher, distributor, etc | LexisNexis |
| Date of publication, distribution, etc | 2016 |
| 270 ## - ADDRESS | |
| Address | 14th Floor, Building No.10, Tower-B, DLF Cyber City, Phase-II |
| City | Gurgaon |
| Postal code | 122002 |
| 300 ## - PHYSICAL DESCRIPTION | |
| Extent | xlii,669p. |
| Dimensions | 25cm(Hb) |
| 500 ## - GENERAL NOTE | |
| General note | Includes index |
| 942 ## - ADDED ENTRY ELEMENTS (KOHA) | |
| Source of classification or shelving scheme | Dewey Decimal Classification |
| Item type | English Books |
| Call number suffix | GUP |
| Classification part | 343.5409944 |
| Withdrawn status | Lost status | Not for loan | Collection code | Home library | Current library | Date acquired | Source of acquisition | Cost, normal purchase price | Full call number | Barcode | Copy number | Cost, replacement price | Koha item type |
|---|---|---|---|---|---|---|---|---|---|---|---|---|---|
| Not For Loan | Non-fiction | D.B.Act.Division | Bawana | 02/08/2016 | DBAD/PUB | 1895.00 | 343.5409944 GUP | EN-99154 | 1 | 1895.00 | English Books |
